| 000 | 00764nam a22002057a 4500 | ||
|---|---|---|---|
| 005 | 20251108171922.0 | ||
| 008 | 250721s2003 xx 000 0 ara d | ||
| 082 | 1 | 4 | _a333.9106809565/ابر |
| 100 | 1 | _aالإبراهيم، نايف المرشد | |
| 245 | 1 | 0 |
_aإدارة الطلب على المياه ترشيدالاستهلاك وتقليل الفاقد : _bترشيد الإستهلاك و تقليل الفاقد / |
| 246 | 1 | 1 | _awater demand mangement in jordan rationalization of consumption and minimization of losses |
| 264 | 1 |
_aعمان : _bمؤسسة المرشد، _c2003. |
|
| 300 | _a208ص | ||
| 650 | 1 | 7 | _aالمياة |
| 650 | 1 | 7 | _aالإدارة |
| 650 | 1 | 7 | _aالطلب |
| 650 | 1 | 7 | _aالأردن |
| 942 |
_2ddc _cBK |
||
| 999 |
_c65939 _d65939 |
||